| 000 | 00550nam a22001817a 4500 | ||
|---|---|---|---|
| 999 |
_c3008 _d3008 |
||
| 003 | AR-CdUCM | ||
| 008 | 190305b ||||| |||| 00| 0 spa d | ||
| 040 |
_aMUNICIPALIDAD PROVINCIAL DEL CUSCO _cBIBLIOTECA MUNICIPAL DEL CUSCO |
||
| 082 |
_22ed. _a869.4 / _bM15 |
||
| 100 |
_aMaeterlinck, Maurice _910261 |
||
| 245 | _aEl pájaro azul interior / | ||
| 260 |
_aBuenos Aires : _bLosada, _c1944. |
||
| 300 |
_a156 páginas ; _c18 cm. |
||
| 500 | _aDonación Familia Nieto | ||
| 650 |
_aNarrativa argentina _910262 |
||
| 942 |
_2ddc _cLIBROS |
||
| 945 | _aafb | ||